Global energy dilemmas (Record no. 355615)

000 -LEADER
fixed length control field 00596nam a22002177a 4500
003 - CONTROL NUMBER IDENTIFIER
control field Nust- CAS-E
005 - DATE AND TIME OF LATEST TRANSACTION
control field 20180118181407.0
008 - FIXED-LENGTH DATA ELEMENTS--GENERAL INFORMATION
fixed length control field 151111b xxu||||| |||| 00| 0 eng d
020 ## - INTERNATIONAL STANDARD BOOK NUMBER
International Standard Book Number 9780745650654
040 ## - CATALOGING SOURCE
Original cataloging agency self
Transcribing agency 0
050 ## - LIBRARY OF CONGRESS CALL NUMBER
Classification number 333.79
Item number BAR-G 2014
082 ## - DEWEY DECIMAL CLASSIFICATION NUMBER
Edition number 22
Classification number 333.79
Author Mark BAR-G 2014
100 ## - MAIN ENTRY--PERSONAL NAME
Personal name Bradshaw, Michael
Fuller form of name Michael J. Bradshaw
111 ## - MAIN ENTRY--MEETING NAME
Relator code Bradshaw, Michael
245 ## - TITLE STATEMENT
Title Global energy dilemmas
260 ## - PUBLICATION, DISTRIBUTION, ETC.
Place of publication, distribution, etc. Cambridge
Name of publisher, distributor, etc. Polity
Date of publication, distribution, etc. 2014
502 ## - DISSERTATION NOTE
Dissertation note 0
505 ## - FORMATTED CONTENTS NOTE
Statement of responsibility Bradshaw
648 ## - SUBJECT ADDED ENTRY--CHRONOLOGICAL TERM
Form subdivision Power resources,
General subdivision Power resources--Economic aspects
942 ## - ADDED ENTRY ELEMENTS (KOHA)
Source of classification or shelving scheme
Koha item type Book
Holdings
Withdrawn status Lost status Source of classification or shelving scheme Damaged status Not for loan Collection code Permanent Location Current Location Shelving location Date acquired Source of acquisition Cost, normal purchase price Total Checkouts Full call number Barcode Date last seen Price effective from Koha item type
            US-Pakistan Center for Advanced Studies in Energy (USPCAS-E) US-Pakistan Center for Advanced Studies in Energy (USPCAS-E)   11/11/2015 Multiline Books 2083.00   333.79 BAR-G 2014 CAS-E0000675 11/11/2015 11/11/2015 Book
© 2023 Central Library, National University of Sciences and Technology. All Rights Reserved.